000 03339cam a22004817i 4500
001 20097047
005 20251015134856.0
008 171026t20162017nyua f 001 0 eng d
010 _a 2017446856
020 _a9781259641794
020 _a1259641791
035 _a20097047
035 _a(OCoLC)945950150
040 _aBTCTA
_beng
_cBTCTA
_erda
_dYDXCP
_dOQX
_dVP@
_dOCLCF
_dIMD
_dDSC
_dTOH
_dJTH
_dCHVBK
_dOCLCO
_dYDX
_dBDX
_dDLC
042 _alccopycat
050 0 0 _aQA76.9.D3
_bP48 2017
082 0 4 _a005.7585
_223
_bPET
100 1 _aPetković, Dušan,
_eauthor.
_9131172
245 1 0 _aMicrosoft SQL Server 2016 :
_ba beginner's guide /
_cDušan Petković.
250 _aSixth Edition
264 1 _aNew York :
_bMcGraw-Hill Education ,
_c2016.
264 4 _c©2017
300 _axxxiii, 861 pages :
_billustrations ;
_c23 cm
336 _atext
_btxt
_2rdacontent
337 _aunmediated
_bn
_2rdamedia
338 _avolume
_bnc
_2rdacarrier
500 _aIncludes index.
505 0 _aRelational database systems: an introduction -- Planning the installation and installing SQL server -- SQL server management studio -- SQL components -- Data definitions language -- Queries -- Modification of a table's contents -- Stored procedures and user defined functions -- System catalog -- Indices -- Views -- Security system of the database engine -- Concurrency control -- Triggers -- System environment of the database engine -- Backup, recovery, and system availability -- Automating system administration tasks -- Data replication -- Query optimizer -- Performance tuning -- In-memory OLTP -- Business intelligence: an introduction -- SQL server analysis services -- Business intelligence and transact-SQL -- SQL server reporting services -- Optimizing techniques for data warehousing -- Columnstore indices -- XML and JSON integration in the database engine -- Spatial and temporal data -- SQL server full-text search.
520 _aGet up and running on Microsoft SQL Server 2016 in no time with help from this thoroughly revised, practical resource. The book offers thorough coverage of SQL management and development and features full details on the newest business intelligence, reporting, and security features. Filled with new real-world examples and hands-on exercises, Microsoft SQL Server 2016: A Beginner's Guide, Sixth Edition, starts by explaining fundamental relational database system concepts. From there, you will learn how to write Transact-SQL statements, execute simple and complex database queries, handle system administration and security, and use the powerful analysis and BI tools. XML, spatial data, and full-text search are also covered in this step-by-step tutorial.
630 0 0 _aSQL server.
_981734
630 0 7 _aSQL server.
_2fast
_0(OCoLC)fst01376937
_981734
650 0 _aDatabase management.
650 7 _aDatabase management.
_2fast
_0(OCoLC)fst00888037
_9131173
650 7 _aSQL Server
_2gnd
_9113079
650 7 _aRelationale Datenbank
_2gnd
_9131174
650 7 _aDatenbanksprache
_2gnd
_9131175
650 7 _aSQL
_2gnd
_962710
655 7 _aHandbooks and manuals.
_2fast
_0(OCoLC)fst01423877
_9280
655 7 _aHandbooks and manuals.
_2lcgft
_9280
906 _a7
_bcbc
_ccopycat
_d2
_encip
_f20
_gy-gencatlg
942 _2ddc
_cBK
999 _c615175
_d615175